01762nam a2200229Ia 4500001000600000003000900006008004100015040001300056040001300069041001300082100002200095100002900117245006500146245006500211250001100276260004500287260004900332300005500381500103200436650003301468650003101501F4945IT-RoPAU130308s9999 xx 000 0 und d aIT-RoPAU cIT-RoPAU aITALIANO aAlberione Giacomo gCodice Aut. SPICS: 10028 aMeditazioni del Primo Maestro alle suore Figlie di San Paolo bMeditazioni del Primo maestro Alle Suore Figlie di San Paolo a1a ed. bs.e. (senza Editrice o non identificata) c1931 [1° Ed.:1931 - Ed.Ling.Originale:1931] a"72 p. (prefazione: no ; testo: 72 [pagine: 0-0])" aSpirito Paolino (Natale 1929), Preziosità del Tempo della giovinezza (05.02.30), Vita Comune (06.02.30), Gesu' Modello e Fine della Vita Religiosa (06.02.30), Devozione a Maria Santissima nella Visita, Confessione Spirituale nella visita (23.05.30), Apostolo e Apostolato Stampa (14.07.31), la nostra fortuna (15.07.31), L'Apostolato (16.07.31), Esame di Coscienza (17.07.31), Maria Assunta (14/15.08.31), Atto di fede (18.08.31), Apostolato della Stampa (03.09.31), scopi del Rosario (02.10.31), Rosario canale di grazie (03.10.31), Rosario e Anime del Purgatorio (06.10.31), passione Predominante(25.10.31), Gesu' Cristo Re (25.10.31), Vita Comune (23.11.31), passione Predominante (27.11.31), Attende Tibi (30.11.31), Confessione (07.12.31), virtù familiari in Religione (09.12.31), virtù Familiari: Umiltà con gli inferiori (10.12.31), virtù Familiari: la Carità (11.12.31), Devozione Alla Madonna (12.12.31), Natale: Amore al Vangelo (25.12.31). Meditazioni Tenute nella Casa delle Figlie di San Paolo di Alba. aSCRITTI DI GIACOMO ALBERIONE eCodice materia Spics: 9901